| 000 | 00831nab a2200265 u 4500 | ||
|---|---|---|---|
| 001 | 20657 | ||
| 003 | HDC | ||
| 007 | cr bn ---aaaaa | ||
| 008 | 210306c mydr|nes 0 a eng d | ||
| 040 | _aHDC | ||
| 100 |
_aGaneshwaran Kana _eauthor _99156 |
||
| 245 | 0 | _aMydof valley antara tarikan MAHA 2016 | |
| 260 |
_aMalaysia : _bUTUSAN MALAYSIA, _c2016 |
||
| 300 | _a2 pages | ||
| 336 |
_atext _2rdacontent |
||
| 337 |
_acomputer _2rdamedia |
||
| 338 |
_aonline resource _2rdacarrier |
||
| 650 |
_aentrepreneur _91863 |
||
| 650 |
_atrade sectors _918575 |
||
| 710 | _aUTUSAN MALAYSIA | ||
| 856 | _zRequest full-text at [email protected] | ||
| 942 | _2lcc | ||
| 942 | _cNEWS | ||
| 942 | _kNWSC 010315 | ||
| 999 |
_c17973 _d17973 |
||